000
00287nam a22001337a 4500
008
171012b xxu||||| |||| 00| 0 eng d
020
_a
9780534522858
041
_a
eng
080
_2
9TH
_a
316
100
_a
50
101
_a
SOC
245
_a
PERSUASION
_c
LARSON,CH.U
942
_2
udc
_c
BK
999
_c
33519
_d
33519